Neuroglia / (Record no. 14845)

MARC details
000 -LEADER
fixed length control field 00853nam a22002417a 4500
005 - DATE AND TIME OF LATEST TRANSACTION
control field 20080814103758.0
006 - FIXED-LENGTH DATA ELEMENTS--ADDITIONAL MATERIAL CHARACTERISTICS--GENERAL INFORMATION
fixed length control field a|||||r|||||00| 0
008 - FIXED-LENGTH DATA ELEMENTS--GENERAL INFORMATION
fixed length control field 080814t xxu||||| |||| 00| 0 eng d
010 ## - LIBRARY OF CONGRESS CONTROL NUMBER
LC control number ENG-90724
020 ## - INTERNATIONAL STANDARD BOOK NUMBER
International Standard Book Number 8190328255
Terms of availability 400.00
035 ## - SYSTEM CONTROL NUMBER
System control number EN-74257
037 ## - SOURCE OF ACQUISITION
Source of stock number/acquisition DBAD / PUB
040 ## - CATALOGING SOURCE
Original cataloging agency DPL
Language of cataloging ENGLISH
082 ## - DEWEY DECIMAL CLASSIFICATION NUMBER
Classification number 611.0188
100 ## - MAIN ENTRY--PERSONAL NAME
Personal name Amrendra
245 ## - TITLE STATEMENT
Title Neuroglia /
Statement of responsibility, etc by Amrendra
260 ## - PUBLICATION, DISTRIBUTION, ETC. (IMPRINT)
Place of publication, distribution, etc Delhi
Name of publisher, distributor, etc Global Books Organisation
Date of publication, distribution, etc 2008
270 ## - ADDRESS
Address 79-42, Ekta Apartment, Geeta Colony
City Delhi
Postal code 110 031
300 ## - PHYSICAL DESCRIPTION
Extent ix, 108p.
Dimensions 22 cm.(Hb)
500 ## - GENERAL NOTE
General note Includes bibliographical references and index
942 ## - ADDED ENTRY ELEMENTS (KOHA)
Source of classification or shelving scheme Dewey Decimal Classification
Koha item type English Books
Classification part 611.0188
Call number suffix AMR
Holdings
Withdrawn status Lost status Damaged status Not for loan Collection code Home library Current library Date acquired Source of acquisition Cost, normal purchase price Total Checkouts Full call number Barcode Date last seen Cost, replacement price Price effective from Koha item type
      Not For Loan Non-fiction D.B.Act.Division D.B.Act.Division 14/08/2008 DBAD / PUB 400.00   611.0188 AMR EN-74257 15/09/2008 400.00 15/09/2008 English Books

© Delhi Public Library
Hit Counter
free hit counter